Pearson Science 8 (Record no. 116144)

MARC details
000 -LÍDER
campo de controle de tamanho fixo 00485 a2200193 4500
001 - NÚMERO DE CONTROLE
campo de controle 116144
041 ## - CÓDIGO DE IDIOMA
Código do idioma do texto/trilha sonora ou título diferente eng
082 ## - CDD - CLASSIFICAÇÃO DECIMAL DE DEWEY
Número de Classificação 500
040 ## - FONTE DA CATALOGAÇÃO
Instituição da catalogação original BR-BrIDEA
Instituição que transcreveu o registro BR-BrIDEA
090 ## - NÚMERO DE CHAMADA LOCAL
Número de chamada (OCLC) (R); Número de chamada, CALL (RLIN) (NR) P Year 8 500
Número Cutter local (OCLC); Número de classificação do livro, CALL (RLIN) PEA
245 10 - TÍTULO
Título Pearson Science 8
Restante do título Saskastchewan edition
Indicação de responsabilidade, etc. Jeff Boulton et al
260 ## - PUBLICAÇÃO, DISTRIBUIÇÃO, ETC.
Nome do editor, distribuidor, etc. Pearson Canada
Data da publicação, distribuição, etc. 2013
300 ## - DESCRIÇÃO FÍSICA
Extensão 424 p.
Outros detalhes físicos col. ill.
650 #4 - ASSUNTO--TERMO TÓPICO
Cabeçalho tópico ou nome geográfico Science
650 #4 - ASSUNTO--TERMO TÓPICO
Subdivisão geral Study and teaching
700 ## - ENTRADA ADICIONADA - NOME PESSOAL
Nome pessoal Jeff Boulton et al.
856 ## - LOCALIZAÇÃO ELETRÔNICA E ACESSO
Uniform Resource Identifier <a href="000026/000026a3.jpg">000026/000026a3.jpg</a>
942 ## - ELEMENTOS DE ENTRADA ADICIONADOS (KOHA)
Tipo de material Koha Livros
Holdings
Situação do descarte Situação das perdas Fonte da classificação ou esquema de arquivamento na estante Situação física Não pode ser emprestado Biblioteca de origem Biblioteca atual Data de aquisição Total de empréstimos Número de chamada completo Código de barras Devolução em Data de último acesso Data do último empréstimo Data do preço efetivo Tipo de material Koha
    Classificação Decimal de Dewey     ECB - SUDOESTE ECB - SUDOESTE 12/08/2019 1 P Year 8 500 PEA 00044693SSW 29/11/2024 22/02/2024 22/02/2024 23/01/2024 Textbook
    Classificação Decimal de Dewey     ECB - SUDOESTE ECB - SUDOESTE 12/08/2019   P Year 8 500 PEA 00044694SSW   23/01/2024   23/01/2024 Textbook
    Classificação Decimal de Dewey     ECB - SUDOESTE ECB - SUDOESTE 12/08/2019 1 P Year 8 500 PEA 00044695SSW 29/11/2024 22/02/2024 22/02/2024 23/01/2024 Textbook
    Classificação Decimal de Dewey     ECB - SUDOESTE ECB - SUDOESTE 12/08/2019 1 P Year 8 500 PEA 00044696SSW 29/11/2024 22/02/2024 22/02/2024 23/01/2024 Textbook
    Classificação Decimal de Dewey     ECB - SUDOESTE ECB - SUDOESTE 12/08/2019   P Year 8 500 PEA 00044697SSW   23/01/2024   23/01/2024 Textbook
    Classificação Decimal de Dewey     ECB - SUDOESTE ECB - SUDOESTE 12/08/2019   P Year 8 500 PEA 00044698SSW   23/01/2024   23/01/2024 Textbook
    Classificação Decimal de Dewey     ECB - SUDOESTE ECB - SUDOESTE 12/08/2019 1 P Year 8 500 PEA 00044699SSW 29/11/2024 21/02/2024 21/02/2024 23/01/2024 Textbook
    Classificação Decimal de Dewey     ECB - SUDOESTE ECB - SUDOESTE 12/08/2019 1 P Year 8 500 PEA 00044700SSW 29/11/2024 22/02/2024 22/02/2024 23/01/2024 Textbook
    Classificação Decimal de Dewey     ECB - SUDOESTE ECB - SUDOESTE 12/08/2019 1 P Year 8 500 PEA 00044701SSW 29/11/2024 22/02/2024 22/02/2024 23/01/2024 Textbook
    Classificação Decimal de Dewey     ECB - SUDOESTE ECB - SUDOESTE 13/08/2019   P Year 8 500 PEA 00044704SSW   23/01/2024   23/01/2024 Textbook
    Classificação Decimal de Dewey     ECB - SUDOESTE ECB - SUDOESTE 16/12/2019 1 P Year 8 500 PEA 00046093SSW 29/11/2024 21/02/2024 21/02/2024 23/01/2024 Textbook
    Classificação Decimal de Dewey     ECB - SUDOESTE ECB - SUDOESTE 16/12/2019 1 P Year 8 500 PEA 00046083SSW 29/11/2024 21/02/2024 21/02/2024 23/01/2024 Textbook
    Classificação Decimal de Dewey     ECB - SUDOESTE ECB - SUDOESTE 16/12/2019 1 P Year 8 500 PEA 00046084SSW 29/11/2024 21/02/2024 21/02/2024 23/01/2024 Textbook
    Classificação Decimal de Dewey     ECB - SUDOESTE ECB - SUDOESTE 16/12/2019 1 P Year 8 500 PEA 00046085SSW 29/11/2024 22/02/2024 22/02/2024 23/01/2024 Textbook
    Classificação Decimal de Dewey     ECB - SUDOESTE ECB - SUDOESTE 16/12/2019 1 P Year 8 500 PEA 00046086SSW 29/11/2024 22/02/2024 22/02/2024 23/01/2024 Textbook
    Classificação Decimal de Dewey     ECB - SUDOESTE ECB - SUDOESTE 16/12/2019 1 P Year 8 500 PEA 00046087SSW 29/11/2024 21/02/2024 21/02/2024 23/01/2024 Textbook
    Classificação Decimal de Dewey     ECB - SUDOESTE ECB - SUDOESTE 16/12/2019 1 P Year 8 500 PEA 00046088SSW 29/11/2024 22/02/2024 22/02/2024 23/01/2024 Textbook
    Classificação Decimal de Dewey     ECB - SUDOESTE ECB - SUDOESTE 16/12/2019 1 P Year 8 500 PEA 00046089SSW 29/11/2024 21/02/2024 21/02/2024 23/01/2024 Textbook
    Classificação Decimal de Dewey     ECB - SUDOESTE ECB - SUDOESTE 16/12/2019 1 P Year 8 500 PEA 00046090SSW 29/11/2024 21/02/2024 21/02/2024 23/01/2024 Textbook
    Classificação Decimal de Dewey     ECB - SUDOESTE ECB - SUDOESTE 16/12/2019 1 P Year 8 500 PEA 00046091SSW 29/11/2024 21/02/2024 21/02/2024 23/01/2024 Textbook
    Classificação Decimal de Dewey     ECB - SUDOESTE ECB - SUDOESTE 16/12/2019 1 P Year 8 500 PEA 00046092SSW 29/11/2024 21/02/2024 21/02/2024 23/01/2024 Textbook
    Classificação Decimal de Dewey     ECB - SUDOESTE ECB - SUDOESTE 16/12/2019   P Year 8 500 PEA 00046094SSW   23/01/2024   23/01/2024 Textbook
    Classificação Decimal de Dewey     ECB - SUDOESTE ECB - SUDOESTE 16/12/2019   P Year 8 500 PEA 00046095SSW   23/01/2024   23/01/2024 Textbook
    Classificação Decimal de Dewey     ECB - SUDOESTE ECB - SUDOESTE 16/12/2019 1 P Year 8 500 PEA 00046096SSW 29/11/2024 22/02/2024 22/02/2024 23/01/2024 Textbook
    Classificação Decimal de Dewey     ECB - SUDOESTE ECB - SUDOESTE 16/12/2019 1 P Year 8 500 PEA 00046097SSW 29/11/2024 22/02/2024 22/02/2024 23/01/2024 Textbook
    Classificação Decimal de Dewey     ECB - SUDOESTE ECB - SUDOESTE 16/12/2019   P Year 8 500 PEA 00046098SSW   23/01/2024   23/01/2024 Textbook
    Classificação Decimal de Dewey     ECB - SUDOESTE ECB - SUDOESTE 16/12/2019 1 P Year 8 500 PEA 00046099SSW 29/11/2024 22/02/2024 22/02/2024 23/01/2024 Textbook
    Classificação Decimal de Dewey     ECB - SUDOESTE ECB - SUDOESTE 16/12/2019 1 P Year 8 500 PEA 00046100SSW 29/11/2024 21/02/2024 21/02/2024 23/01/2024 Textbook
    Classificação Decimal de Dewey     ECB - SUDOESTE ECB - SUDOESTE 16/12/2019 2 P Year 8 500 PEA 00046101SSW 29/11/2024 21/02/2024 21/02/2024 23/01/2024 Textbook
    Classificação Decimal de Dewey     ECB - SUDOESTE ECB - SUDOESTE 16/12/2019 1 P Year 8 500 PEA 00046102SSW 29/11/2024 22/02/2024 22/02/2024 23/01/2024 Textbook
    Classificação Decimal de Dewey     ECB - SUDOESTE ECB - SUDOESTE 29/03/2023 1 P Year 8 500 PEA 00061529SSW 06/03/2024 21/02/2024 21/02/2024 23/01/2024 Livros
    Classificação Decimal de Dewey     ECB - SUDOESTE ECB - SUDOESTE 16/02/2022 1 P Year 8 500 PEA 00056416SSW 29/11/2024 21/02/2024 21/02/2024 23/01/2024 Textbook
    Classificação Decimal de Dewey     ECB - SUDOESTE ECB - SUDOESTE 02/02/2022   P Year 8 500 PEA 00056181SSW   23/01/2024   23/01/2024 Livros
    Classificação Decimal de Dewey     ECB - SUDOESTE ECB - SUDOESTE 10/11/2021 1 P Year 8 500 PEA 00055556SSW 29/11/2024 21/02/2024 21/02/2024 23/01/2024 Textbook
    Classificação Decimal de Dewey     ECB - SUDOESTE ECB - SUDOESTE 10/11/2021 1 P Year 8 500 PEA 00055557SSW 29/11/2024 21/02/2024 21/02/2024 23/01/2024 Textbook
    Classificação Decimal de Dewey     ECB - SUDOESTE ECB - SUDOESTE 10/11/2021 1 P Year 8 500 PEA 00055558SSW 29/11/2024 21/02/2024 21/02/2024 23/01/2024 Textbook
    Classificação Decimal de Dewey     ECB - SUDOESTE ECB - SUDOESTE 10/11/2021 1 P Year 8 500 PEA 00055559SSW 29/11/2024 22/02/2024 22/02/2024 23/01/2024 Textbook
    Classificação Decimal de Dewey     ECB - SUDOESTE ECB - SUDOESTE 10/11/2021 1 P Year 8 500 PEA 00055560SSW 29/11/2024 21/02/2024 21/02/2024 23/01/2024 Textbook
    Classificação Decimal de Dewey     ECB - SUDOESTE ECB - SUDOESTE 10/11/2021 1 P Year 8 500 PEA 00055561SSW 29/11/2024 22/02/2024 22/02/2024 23/01/2024 Textbook
    Classificação Decimal de Dewey     ECB - SUDOESTE ECB - SUDOESTE 10/11/2021 1 P Year 8 500 PEA 00055562SSW 29/11/2024 22/02/2024 22/02/2024 23/01/2024 Textbook
    Classificação Decimal de Dewey     ECB - SUDOESTE ECB - SUDOESTE 10/11/2021 1 P Year 8 500 PEA 00055564SSW 29/11/2024 22/02/2024 22/02/2024 23/01/2024 Textbook
    Classificação Decimal de Dewey     ECB - SUDOESTE ECB - SUDOESTE 10/11/2021 1 P Year 8 500 PEA 00055563SSW 29/11/2024 21/02/2024 21/02/2024 23/01/2024 Textbook
    Classificação Decimal de Dewey     ECB - SUDOESTE ECB - SUDOESTE 10/11/2021   P Year 8 500 PEA 00055565SSW   23/01/2024   23/01/2024 Textbook
    Classificação Decimal de Dewey     ECB - SUDOESTE ECB - SUDOESTE 10/11/2021 1 P Year 8 500 PEA 00055566SSW 29/11/2024 22/02/2024 22/02/2024 23/01/2024 Textbook
    Classificação Decimal de Dewey     ECB - SUDOESTE ECB - SUDOESTE 10/11/2021 1 P Year 8 500 PEA 00055567SSW 29/11/2024 22/02/2024 22/02/2024 23/01/2024 Textbook
    Classificação Decimal de Dewey     ECB - SUDOESTE ECB - SUDOESTE 10/11/2021 1 P Year 8 500 PEA 00055568SSW 29/11/2024 21/02/2024 21/02/2024 23/01/2024 Textbook
    Classificação Decimal de Dewey     ECB - SUDOESTE ECB - SUDOESTE 10/11/2021 1 P Year 8 500 PEA 00055569SSW 29/11/2024 22/02/2024 22/02/2024 23/01/2024 Textbook
    Classificação Decimal de Dewey     ECB - SUDOESTE ECB - SUDOESTE 10/11/2021 1 P Year 8 500 PEA 00055570SSW 29/11/2024 21/02/2024 21/02/2024 23/01/2024 Textbook
    Classificação Decimal de Dewey     ECB - SUDOESTE ECB - SUDOESTE 10/11/2021 1 P Year 8 500 PEA 00055571SSW 29/11/2024 21/02/2024 21/02/2024 23/01/2024 Textbook
    Classificação Decimal de Dewey     ECB - SUDOESTE ECB - SUDOESTE 10/11/2021 1 P Year 8 500 PEA 00055572SSW 29/11/2024 22/02/2024 22/02/2024 23/01/2024 Textbook
    Classificação Decimal de Dewey     ECB - SUDOESTE ECB - SUDOESTE 10/11/2021 1 P Year 8 500 PEA 00055573SSW 29/11/2024 22/02/2024 22/02/2024 23/01/2024 Textbook
    Classificação Decimal de Dewey     ECB - SUDOESTE ECB - SUDOESTE 10/11/2021 1 P Year 8 500 PEA 00055574SSW 29/11/2024 21/02/2024 21/02/2024 23/01/2024 Textbook
    Classificação Decimal de Dewey     ECB - SUDOESTE ECB - SUDOESTE 10/11/2021 1 P Year 8 500 PEA 00055575SSW 29/11/2024 21/02/2024 21/02/2024 23/01/2024 Textbook
    Classificação Decimal de Dewey     ECB - SUDOESTE ECB - SUDOESTE 10/11/2021 1 P Year 8 500 PEA 00055576SSW 29/11/2024 21/02/2024 21/02/2024 23/01/2024 Textbook
    Classificação Decimal de Dewey     ECB - SUDOESTE ECB - SUDOESTE 10/11/2021 2 P Year 8 500 PEA 00055577SSW 29/11/2024 18/03/2024 18/03/2024 23/01/2024 Textbook
    Classificação Decimal de Dewey     ECB - SUDOESTE ECB - SUDOESTE 10/11/2021   P Year 8 500 PEA 00055578SSW   23/01/2024   23/01/2024 Textbook
    Classificação Decimal de Dewey     ECB - SUDOESTE ECB - SUDOESTE 10/11/2021 1 P Year 8 500 PEA 00055579SSW 29/11/2024 22/02/2024 22/02/2024 23/01/2024 Textbook
    Classificação Decimal de Dewey     ECB - SUDOESTE ECB - SUDOESTE 10/11/2021   P Year 8 500 PEA 00055580SSW   23/01/2024   23/01/2024 Textbook
    Classificação Decimal de Dewey     ECB - SUDOESTE ECB - SUDOESTE 10/11/2021   P Year 8 500 PEA 00055581SSW   23/01/2024   23/01/2024 Textbook
    Classificação Decimal de Dewey     ECB - SUDOESTE ECB - SUDOESTE 10/11/2021 1 P Year 8 500 PEA 00055582SSW 29/11/2024 22/02/2024 22/02/2024 23/01/2024 Textbook
    Classificação Decimal de Dewey     ECB - SUDOESTE ECB - SUDOESTE 10/11/2021 1 P Year 8 500 PEA 00055583SSW 29/11/2024 22/02/2024 22/02/2024 23/01/2024 Textbook
    Classificação Decimal de Dewey     ECB - SUDOESTE ECB - SUDOESTE 10/11/2021 1 P Year 8 500 PEA 00055584SSW   22/02/2024 22/02/2024 23/01/2024 Textbook
    Classificação Decimal de Dewey     ECB - SUDOESTE ECB - SUDOESTE 10/11/2021 1 P Year 8 500 PEA 00055585SSW 29/11/2024 21/02/2024 21/02/2024 23/01/2024 Textbook
    Classificação Decimal de Dewey     ECB - SUDOESTE ECB - SUDOESTE 10/11/2021 1 P Year 8 500 PEA 00055586SSW   16/07/2024 21/02/2024 23/01/2024 Textbook
    Classificação Decimal de Dewey     ECB - SUDOESTE ECB - SUDOESTE 10/11/2021 1 P Year 8 500 PEA 00055587SSW 29/11/2024 22/02/2024 22/02/2024 23/01/2024 Textbook
    Classificação Decimal de Dewey     ECB - SUDOESTE ECB - SUDOESTE 10/11/2021 1 P Year 8 500 PEA 00055588SSW 29/11/2024 21/02/2024 21/02/2024 23/01/2024 Textbook
    Classificação Decimal de Dewey     ECB - SUDOESTE ECB - SUDOESTE 10/11/2021 1 P Year 8 500 PEA 00055589SSW 29/11/2024 21/02/2024 21/02/2024 23/01/2024 Textbook
    Classificação Decimal de Dewey     ECB - SUDOESTE ECB - SUDOESTE 10/11/2021   P Year 8 500 PEA 00055590SSW   23/01/2024   23/01/2024 Textbook
    Classificação Decimal de Dewey     ECB - SUDOESTE ECB - SUDOESTE 10/11/2021 1 P Year 8 500 PEA 00055591SSW 29/11/2024 22/02/2024 22/02/2024 23/01/2024 Textbook
    Classificação Decimal de Dewey     ECB - SUDOESTE ECB - SUDOESTE 10/11/2021 1 P Year 8 500 PEA 00055592SSW 29/11/2024 21/02/2024 21/02/2024 23/01/2024 Textbook
    Classificação Decimal de Dewey     ECB - SUDOESTE ECB - SUDOESTE 10/11/2021 1 P Year 8 500 PEA 00055593SSW 29/11/2024 22/02/2024 22/02/2024 23/01/2024 Textbook
    Classificação Decimal de Dewey     ECB - SUDOESTE ECB - SUDOESTE 10/11/2021 1 P Year 8 500 PEA 00055594SSW 29/11/2024 21/02/2024 21/02/2024 23/01/2024 Textbook
    Classificação Decimal de Dewey     ECB - SUDOESTE ECB - SUDOESTE 10/11/2021 1 P Year 8 500 PEA 00055595SSW 29/11/2024 21/02/2024 21/02/2024 23/01/2024 Textbook
    Classificação Decimal de Dewey     ECB - SUDOESTE ECB - SUDOESTE 10/11/2021   P Year 8 500 PEA 00055596SSW   23/01/2024   23/01/2024 Textbook
    Classificação Decimal de Dewey     ECB - SUDOESTE ECB - SUDOESTE 10/11/2021 1 P Year 8 500 PEA 00055597SSW 29/11/2024 22/02/2024 22/02/2024 23/01/2024 Textbook
    Classificação Decimal de Dewey     ECB - SUDOESTE ECB - SUDOESTE 10/11/2021 1 P Year 8 500 PEA 00055598SSW 29/11/2024 21/02/2024 21/02/2024 23/01/2024 Textbook
    Classificação Decimal de Dewey     ECB - SUDOESTE ECB - SUDOESTE 10/11/2021 1 P Year 8 500 PEA 00055599SSW 29/11/2024 22/02/2024 22/02/2024 23/01/2024 Textbook
    Classificação Decimal de Dewey     ECB - SUDOESTE ECB - SUDOESTE 10/11/2021 1 P Year 8 500 PEA 00055600SSW 29/11/2024 22/02/2024 22/02/2024 23/01/2024 Textbook
    Classificação Decimal de Dewey     ECB - SUDOESTE ECB - SUDOESTE 16/11/2020 1 P Year 8 500 PEA 00051154SSW 29/11/2024 22/02/2024 22/02/2024 23/01/2024 Textbook
    Classificação Decimal de Dewey     ECB - SUDOESTE ECB - SUDOESTE 16/11/2020 1 P Year 8 500 PEA 00051155SSW 29/11/2024 22/02/2024 22/02/2024 23/01/2024 Textbook
    Classificação Decimal de Dewey     ECB - SUDOESTE ECB - SUDOESTE 16/11/2020 1 P Year 8 500 PEA 00051148SSW 29/11/2024 22/02/2024 22/02/2024 23/01/2024 Textbook
    Classificação Decimal de Dewey     ECB - SUDOESTE ECB - SUDOESTE 16/11/2020 1 P Year 8 500 PEA 00051149SSW 29/11/2024 21/02/2024 21/02/2024 23/01/2024 Textbook
    Classificação Decimal de Dewey     ECB - SUDOESTE ECB - SUDOESTE 16/11/2020 1 P Year 8 500 PEA 00051150SSW 29/11/2024 21/02/2024 21/02/2024 23/01/2024 Textbook
    Classificação Decimal de Dewey     ECB - SUDOESTE ECB - SUDOESTE 16/11/2020 1 P Year 8 500 PEA 00051151SSW 29/11/2024 21/02/2024 21/02/2024 23/01/2024 Textbook
    Classificação Decimal de Dewey     ECB - SUDOESTE ECB - SUDOESTE 16/11/2020 1 P Year 8 500 PEA 00051152SSW 29/11/2024 22/02/2024 22/02/2024 23/01/2024 Textbook
    Classificação Decimal de Dewey     ECB - SUDOESTE ECB - SUDOESTE 16/11/2020 1 P Year 8 500 PEA 00051153SSW 29/11/2024 21/02/2024 21/02/2024 23/01/2024 Textbook
    Classificação Decimal de Dewey     ECB - SUDOESTE ECB - SUDOESTE 16/11/2020 1 P Year 8 500 PEA 00051156SSW 29/11/2024 21/02/2024 21/02/2024 23/01/2024 Textbook
    Classificação Decimal de Dewey     ECB - SUDOESTE ECB - SUDOESTE 16/11/2020 1 P Year 8 500 PEA 00051157SSW 29/11/2024 21/02/2024 21/02/2024 23/01/2024 Textbook
    Classificação Decimal de Dewey     ECB - SUDOESTE ECB - SUDOESTE 16/11/2020 1 P Year 8 500 PEA 00051158SSW 29/11/2024 21/02/2024 21/02/2024 23/01/2024 Textbook
    Classificação Decimal de Dewey     ECB - SUDOESTE ECB - SUDOESTE 16/11/2020 1 P Year 8 500 PEA 00051159SSW 29/11/2024 21/02/2024 21/02/2024 23/01/2024 Textbook
    Classificação Decimal de Dewey     ECB - SUDOESTE ECB - SUDOESTE 16/11/2020 1 P Year 8 500 PEA 00051160SSW 29/11/2024 21/02/2024 21/02/2024 23/01/2024 Textbook
    Classificação Decimal de Dewey     ECB - SUDOESTE ECB - SUDOESTE 16/11/2020 1 P Year 8 500 PEA 00051161SSW 29/11/2024 22/02/2024 22/02/2024 23/01/2024 Textbook
    Classificação Decimal de Dewey     ECB - SUDOESTE ECB - SUDOESTE 16/11/2020 1 P Year 8 500 PEA 00051162SSW 29/11/2024 22/02/2024 22/02/2024 23/01/2024 Textbook
    Classificação Decimal de Dewey     ECB - SUDOESTE ECB - SUDOESTE 16/11/2020 1 P Year 8 500 PEA 00051163SSW 29/11/2024 21/02/2024 21/02/2024 23/01/2024 Textbook
    Classificação Decimal de Dewey     ECB - SUDOESTE ECB - SUDOESTE 16/11/2020 1 P Year 8 500 PEA 00051164SSW 29/11/2024 21/02/2024 21/02/2024 23/01/2024 Textbook
    Classificação Decimal de Dewey     ECB - SUDOESTE ECB - SUDOESTE 16/11/2020   P Year 8 500 PEA 00051165SSW   23/01/2024   23/01/2024 Textbook
    Classificação Decimal de Dewey     ECB - SUDOESTE ECB - SUDOESTE 16/11/2020   P Year 8 500 PEA 00051166SSW   23/01/2024   23/01/2024 Textbook
    Classificação Decimal de Dewey     ECB - SUDOESTE ECB - SUDOESTE 16/11/2020 1 P Year 8 500 PEA 00051167SSW 29/11/2024 22/02/2024 22/02/2024 23/01/2024 Textbook
    Classificação Decimal de Dewey     ECB - SUDOESTE ECB - SUDOESTE 16/11/2020 1 P Year 8 500 PEA 00051168SSW 29/11/2024 21/02/2024 21/02/2024 23/01/2024 Textbook
    Classificação Decimal de Dewey     ECB - SUDOESTE ECB - SUDOESTE 16/11/2020 1 P Year 8 500 PEA 00051169SSW 29/11/2024 21/02/2024 21/02/2024 23/01/2024 Textbook
    Classificação Decimal de Dewey     ECB - SUDOESTE ECB - SUDOESTE 16/11/2020 1 P Year 8 500 PEA 00051170SSW 29/11/2024 22/02/2024 22/02/2024 23/01/2024 Textbook
    Classificação Decimal de Dewey     ECB - SUDOESTE ECB - SUDOESTE 16/11/2020 1 P Year 8 500 PEA 00051171SSW 29/11/2024 22/02/2024 22/02/2024 23/01/2024 Textbook
    Classificação Decimal de Dewey     ECB - SUDOESTE ECB - SUDOESTE 16/11/2020 1 P Year 8 500 PEA 00051172SSW 29/11/2024 22/02/2024 22/02/2024 23/01/2024 Textbook
    Classificação Decimal de Dewey     ECB - SUDOESTE ECB - SUDOESTE 16/11/2020 1 P Year 8 500 PEA 00051173SSW 29/11/2024 22/02/2024 22/02/2024 23/01/2024 Textbook
    Classificação Decimal de Dewey     ECB - SUDOESTE ECB - SUDOESTE 16/11/2020   P Year 8 500 PEA 00051174SSW   23/01/2024   23/01/2024 Textbook
    Classificação Decimal de Dewey     ECB - SUDOESTE ECB - SUDOESTE 16/11/2020 1 P Year 8 500 PEA 00051175SSW 29/11/2024 21/02/2024 21/02/2024 23/01/2024 Textbook
    Classificação Decimal de Dewey     ECB - SUDOESTE ECB - SUDOESTE 16/11/2020 1 P Year 8 500 PEA 00051176SSW 29/11/2024 22/02/2024 22/02/2024 23/01/2024 Textbook
    Classificação Decimal de Dewey     ECB - SUDOESTE ECB - SUDOESTE 16/11/2020 1 P Year 8 500 PEA 00051177SSW 29/11/2024 22/02/2024 22/02/2024 23/01/2024 Textbook
    Classificação Decimal de Dewey     ECB - SUDOESTE ECB - SUDOESTE 16/11/2020   P Year 8 500 PEA 00051178SSW   23/01/2024   23/01/2024 Textbook
    Classificação Decimal de Dewey     ECB - SUDOESTE ECB - SUDOESTE 16/11/2020 1 P Year 8 500 PEA 00051179SSW 29/11/2024 21/02/2024 21/02/2024 23/01/2024 Textbook
    Classificação Decimal de Dewey     ECB - SUDOESTE ECB - SUDOESTE 16/11/2020   P Year 8 500 PEA 00051180SSW   06/03/2024   23/01/2024 Textbook
    Classificação Decimal de Dewey     ECB - SUDOESTE ECB - SUDOESTE 16/11/2020 1 P Year 8 500 PEA 00051181SSW 29/11/2024 22/02/2024 22/02/2024 23/01/2024 Textbook
    Classificação Decimal de Dewey     ECB - SUDOESTE ECB - SUDOESTE 16/11/2020 1 P Year 8 500 PEA 00051182SSW 29/11/2024 22/02/2024 22/02/2024 23/01/2024 Textbook